000 00833nam a2200217 a 4500
001 47228
003 BD-RjUL
005 20211209054259.0
008 160807s1983 bg ||||| |||| 00| 0 ben d
035 _a(BD-RjUL)47347
040 _aBD-RjUL
_bben
_cBD-RjUL
_dBD-RjUL
041 _aben
082 _223
_a337
_bCHA 1983
100 _a চক্রবর্তী, মনতোষ
_9134931
245 1 0 _aআন্তর্জাতিক অর্থনীতি /
_cমনতোষ চক্রবর্তী,
260 _aঢাকা :
_bটাউন লাইব্রেরী,
_c১৯৮৩.
300 _aবিভিন্ন পৃ. :
_bচিত্র ;
_c২৫ সেমি.
650 _aআন্তর্জাতিক অর্থনীতি
_9143788
650 _aInternational Economics
_9143789
942 _2ddc
_cBK
999 _c47228
_d47228